000 00267nam a22001217a 4500
999 _c479850
_d479850
003 NUST
008 151005t xxu||||| |||| 00| 0 eng d
038 _aAdnan
082 _a580
100 _asud
_913916
245 _aHerboculinary Medical Aromatic
942 _2ddc
_cBK